[Event "DEM U14w 2021"]
[Site "Willingen GER"]
[Date "2021.08.23"]
[Round "1"]
[White "Prinzen, Siri Marleen"]
[Black "Peglau, Charis"]
[Result "1-0"]
[Termination "normal"]
[Board "1"]
[WhiteElo "1626"]
[BlackElo "1827"]
[WhiteClock "00:03:37"]
[BlackClock "00:03:51"]
[PlyCount "101"]
[WhiteFideId "16265912"]
[BlackFideId "16219996"]
[EventCountry "GER"]
[EventRounds "9"]
[EventType "swiss"]
[EventDate "2021.08.22"]

1. e4 {[%clk 01:30:58]} {[%emt 00:00:01]} e5 {[%clk 01:30:52]} {[%emt
00:00:09]} 2. Nf3 {[%clk 01:31:19]} {[%emt 00:00:09]} Nc6 {[%clk 01:31:17]}
{[%emt 00:00:05]} 3. Bc4 {[%clk 01:31:38]} {[%emt 00:00:11]} Be7 {[%clk
01:31:40]} {[%emt 00:00:07]} 4. O-O {[%clk 01:29:58]} {[%emt 00:02:10]} d6
{[%clk 01:31:53]} {[%emt 00:00:17]} 5. h3 {[%clk 01:24:56]} {[%emt 00:05:32]}
Nf6 {[%clk 01:30:06]} {[%emt 00:02:17]} 6. Nc3 {[%clk 01:21:59]} {[%emt
00:03:26]} O-O {[%clk 01:19:26]} {[%emt 00:11:10]} 7. Re1 {[%clk 01:18:37]}
{[%emt 00:03:53]} Na5 {[%clk 01:14:32]} {[%emt 00:05:24]} 8. Bf1 {[%clk
01:13:24]} {[%emt 00:05:43]} c5 {[%clk 00:57:43]} {[%emt 00:17:19]} 9. Nd5
{[%clk 01:07:29]} {[%emt 00:06:25]} Nxd5 {[%clk 00:50:18]} {[%emt 00:07:55]}
10. exd5 {[%clk 01:07:48]} {[%emt 00:00:10]} f5 {[%clk 00:48:56]} {[%emt
00:01:53]} 11. a3 {[%clk 00:59:38]} {[%emt 00:08:41]} c4 {[%clk 00:42:15]}
{[%emt 00:07:11]} 12. b4 {[%clk 00:56:38]} {[%emt 00:03:29]} cxb3 {[%clk
00:42:34]} {[%emt 00:00:11]} 13. cxb3 {[%clk 00:56:57]} {[%emt 00:00:11]} Bf6
{[%clk 00:34:46]} {[%emt 00:08:18]} 14. Bb2 {[%clk 00:52:26]} {[%emt 00:05:01]}
e4 {[%clk 00:32:46]} {[%emt 00:02:30]} 15. Bxf6 {[%clk 00:50:01]} {[%emt
00:02:55]} Qxf6 {[%clk 00:33:04]} {[%emt 00:00:12]} 16. b4 {[%clk 00:43:57]}
{[%emt 00:06:34]} exf3 {[%clk 00:32:52]} {[%emt 00:00:41]} 17. Qxf3 {[%clk
00:44:07]} {[%emt 00:00:20]} Qd4 {[%clk 00:24:09]} {[%emt 00:09:14]} 18. bxa5
{[%clk 00:42:46]} {[%emt 00:01:52]} Qxd2 {[%clk 00:24:07]} {[%emt 00:00:32]}
19. Re7 {[%clk 00:37:45]} {[%emt 00:05:30]} Qg5 {[%clk 00:16:44]} {[%emt
00:07:54]} 20. Rae1 {[%clk 00:31:59]} {[%emt 00:06:15]} Qg6 {[%clk 00:10:39]}
{[%emt 00:06:34]} 21. Bd3 {[%clk 00:23:09]} {[%emt 00:09:20]} b6 {[%clk
00:09:15]} {[%emt 00:01:55]} 22. a6 {[%clk 00:21:13]} {[%emt 00:02:27]} Qf6
{[%clk 00:08:20]} {[%emt 00:01:24]} 23. Qh5 {[%clk 00:15:08]} {[%emt 00:06:34]}
h6 {[%clk 00:05:55]} {[%emt 00:02:56]} 24. Bb5 {[%clk 00:12:01]} {[%emt
00:03:36]} f4 {[%clk 00:05:55]} {[%emt 00:00:31]} 25. Bc6 {[%clk 00:10:32]}
{[%emt 00:01:58]} Bxa6 {[%clk 00:04:18]} {[%emt 00:02:08]} 26. Bxa8 {[%clk
00:09:28]} {[%emt 00:01:34]} Rxa8 {[%clk 00:04:46]} {[%emt 00:00:01]} 27. R1e6
{[%clk 00:07:28]} {[%emt 00:02:31]} Qa1+ {[%clk 00:04:00]} {[%emt 00:01:16]}
28. Kh2 {[%clk 00:07:42]} {[%emt 00:00:15]} Bd3 {[%clk 00:03:33]} {[%emt
00:00:57]} 29. Qf7+ {[%clk 00:05:38]} {[%emt 00:02:34]} Kh7 {[%clk 00:03:22]}
{[%emt 00:00:42]} 30. Qxf4 {[%clk 00:05:51]} {[%emt 00:00:17]} Bg6 {[%clk
00:02:34]} {[%emt 00:01:17]} 31. Qxd6 {[%clk 00:05:19]} {[%emt 00:01:03]} Qb1
{[%clk 00:02:51]} {[%emt 00:00:13]} 32. Qe5 {[%clk 00:04:42]} {[%emt 00:01:06]}
Rg8 {[%clk 00:03:11]} {[%emt 00:00:10]} 33. Rc6 {[%clk 00:04:10]} {[%emt
00:01:02]} Qf5 {[%clk 00:02:41]} {[%emt 00:01:01]} 34. Qxf5 {[%clk 00:04:20]}
{[%emt 00:00:20]} Bxf5 {[%clk 00:03:10]} {[%emt 00:00:01]} 35. Rcc7 {[%clk
00:04:27]} {[%emt 00:00:23]} a5 {[%clk 00:03:09]} {[%emt 00:00:31]} 36. d6
{[%clk 00:04:41]} {[%emt 00:00:16]} Rd8 {[%clk 00:02:43]} {[%emt 00:00:56]} 37.
d7 {[%clk 00:03:15]} {[%emt 00:01:55]} b5 {[%clk 00:02:57]} {[%emt 00:00:17]}
38. g4 {[%clk 00:03:29]} {[%emt 00:00:16]} Bxd7 {[%clk 00:02:45]} {[%emt
00:00:42]} 39. Rexd7 {[%clk 00:03:45]} {[%emt 00:00:14]} Rg8 {[%clk 00:02:19]}
{[%emt 00:00:56]} 40. Rb7 {[%clk 00:04:01]} {[%emt 00:00:14]} b4 {[%clk
00:02:37]} {[%emt 00:00:12]} 41. axb4 {[%clk 00:04:24]} {[%emt 00:00:07]} axb4
{[%clk 00:03:04]} {[%emt 00:00:04]} 42. Rxb4 {[%clk 00:04:38]} {[%emt
00:00:15]} Rf8 {[%clk 00:03:07]} {[%emt 00:00:27]} 43. Kg3 {[%clk 00:04:59]}
{[%emt 00:00:08]} Rf6 {[%clk 00:03:15]} {[%emt 00:00:23]} 44. Rbb7 {[%clk
00:05:08]} {[%emt 00:00:21]} Rg6 {[%clk 00:03:26]} {[%emt 00:00:18]} 45. h4
{[%clk 00:05:13]} {[%emt 00:00:25]} h5 {[%clk 00:03:51]} {[%emt 00:00:06]} 46.
g5 {[%clk 00:05:34]} {[%emt 00:00:09]} Kh8 {[%clk 00:03:46]} {[%emt 00:00:34]}
47. Kf4 {[%clk 00:05:06]} {[%emt 00:00:59]} Ra6 {[%clk 00:03:48]} {[%emt
00:00:28]} 48. Rd5 {[%clk 00:03:01]} {[%emt 00:02:35]} Ra4+ {[%clk 00:03:15]}
{[%emt 00:01:04]} 49. Kf5 {[%clk 00:02:56]} {[%emt 00:00:33]} Kg8 {[%clk
00:03:27]} {[%emt 00:00:18]} 50. Rd8+ {[%clk 00:03:13]} {[%emt 00:00:13]} Kh7
{[%clk 00:03:51]} {[%emt 00:00:07]} 51. g6+ {[%clk 00:03:37]} {[%emt 00:00:04]}
1-0

[Event "DEM U14w 2021"]
[Site "Willingen GER"]
[Date "2021.08.23"]
[Round "1"]
[White "Pohle, Saskia"]
[Black "Reich, Elisabeth"]
[Result "1-0"]
[Termination "normal"]
[Board "2"]
[WhiteElo "1755"]
[BlackElo "1368"]
[WhiteClock "00:44:26"]
[BlackClock "00:26:27"]
[PlyCount "63"]
[WhiteFideId "16201604"]
[BlackFideId "16239776"]
[EventCountry "GER"]
[EventRounds "9"]
[EventType "swiss"]
[EventDate "2021.08.22"]

1. e4 {[%clk 01:30:58]} c5 {[%clk 01:30:57]} {[%emt 00:00:04]} 2. Nf3 {[%clk
01:31:22]} {[%emt 00:00:05]} d6 {[%clk 01:31:23]} {[%emt 00:00:03]} 3. d4
{[%clk 01:31:47]} {[%emt 00:00:07]} cxd4 {[%clk 01:31:49]} {[%emt 00:00:03]} 4.
Nxd4 {[%clk 01:32:11]} {[%emt 00:00:05]} Nf6 {[%clk 01:32:15]} {[%emt
00:00:05]} 5. Nc3 {[%clk 01:32:36]} {[%emt 00:00:07]} g6 {[%clk 01:32:40]}
{[%emt 00:00:04]} 6. Be3 {[%clk 01:33:00]} {[%emt 00:00:05]} Bg7 {[%clk
01:33:06]} {[%emt 00:00:04]} 7. f3 {[%clk 01:33:24]} {[%emt 00:00:08]} O-O
{[%clk 01:33:31]} {[%emt 00:00:05]} 8. Qd2 {[%clk 01:33:49]} {[%emt 00:00:05]}
Nc6 {[%clk 01:33:51]} {[%emt 00:00:09]} 9. O-O-O {[%clk 01:34:10]} {[%emt
00:00:09]} Bd7 {[%clk 01:34:17]} {[%emt 00:00:05]} 10. g4 {[%clk 01:34:31]}
{[%emt 00:00:10]} Rb8 {[%clk 01:34:10]} {[%emt 00:00:36]} 11. h4 {[%clk
01:34:30]} {[%emt 00:00:32]} b5 {[%clk 01:22:45]} {[%emt 00:11:54]} 12. h5
{[%clk 01:31:52]} {[%emt 00:03:08]} Ne5 {[%clk 01:14:47]} {[%emt 00:08:27]} 13.
hxg6 {[%clk 01:27:06]} {[%emt 00:05:17]} fxg6 {[%clk 01:08:50]} {[%emt
00:06:27]} 14. Bh6 {[%clk 01:07:25]} {[%emt 00:20:11]} Nc4 {[%clk 00:56:25]}
{[%emt 00:12:56]} 15. Qh2 {[%clk 01:05:34]} {[%emt 00:02:20]} Qa5 {[%clk
00:49:09]} {[%emt 00:07:41]} 16. Nb3 {[%clk 01:02:50]} {[%emt 00:03:19]} Qb6
{[%clk 00:46:19]} {[%emt 00:03:06]} 17. Bxg7 {[%clk 00:48:31]} {[%emt
00:15:03]} Kxg7 {[%clk 00:46:37]} {[%emt 00:00:11]} 18. Nd5 {[%clk 00:48:39]}
{[%emt 00:00:22]} Nxd5 {[%clk 00:45:52]} {[%emt 00:01:15]} 19. Qxh7+ {[%clk
00:49:04]} {[%emt 00:00:05]} Kf6 {[%clk 00:46:14]} {[%emt 00:00:07]} 20. g5+
{[%clk 00:48:33]} {[%emt 00:01:02]} Ke5 {[%clk 00:44:07]} {[%emt 00:02:38]} 21.
Rxd5+ {[%clk 00:48:11]} {[%emt 00:00:52]} Kf4 {[%clk 00:43:31]} {[%emt
00:01:00]} 22. Qh2+ {[%clk 00:47:47]} {[%emt 00:01:00]} Kxf3 {[%clk 00:42:37]}
{[%emt 00:01:24]} 23. Qg2+ {[%clk 00:47:58]} {[%emt 00:00:19]} Ke3 {[%clk
00:41:12]} {[%emt 00:01:55]} 24. Rh3+ {[%clk 00:48:14]} {[%emt 00:00:14]} Bxh3
{[%clk 00:40:22]} {[%emt 00:01:20]} 25. Qxh3+ {[%clk 00:46:40]} {[%emt
00:02:05]} Kf4 {[%clk 00:31:50]} {[%emt 00:09:01]} 26. Qh4+ {[%clk 00:44:51]}
{[%emt 00:02:20]} Kf3 {[%clk 00:31:11]} {[%emt 00:01:09]} 27. Nd4+ {[%clk
00:43:48]} {[%emt 00:01:33]} Qxd4 {[%clk 00:26:21]} {[%emt 00:05:19]} 28. Rxd4
{[%clk 00:44:12]} {[%emt 00:00:07]} Ne3 {[%clk 00:26:23]} {[%emt 00:00:27]} 29.
Rd3 {[%clk 00:43:59]} {[%emt 00:00:44]} Rbc8 {[%clk 00:26:15]} {[%emt
00:00:35]} 30. Qh3+ {[%clk 00:43:42]} {[%emt 00:00:50]} Kxe4 {[%clk 00:26:11]}
{[%emt 00:00:32]} 31. Qxe3+ {[%clk 00:44:02]} {[%emt 00:00:12]} Kf5 {[%clk
00:26:27]} {[%emt 00:00:14]} 32. Bh3# {[%clk 00:44:26]} {[%emt 00:00:05]} 1-0

[Event "DEM U14w 2021"]
[Site "Willingen GER"]
[Date "2021.08.23"]
[Round "1"]
[White "Arnold, Rubina"]
[Black "Voigt, Anastasia"]
[Result "0-1"]
[Termination "normal"]
[Board "3"]
[WhiteElo "1498"]
[BlackElo "1737"]
[WhiteClock "00:09:58"]
[BlackClock "00:07:31"]
[PlyCount "100"]
[WhiteFideId "16276272"]
[BlackFideId "16235223"]
[EventCountry "GER"]
[EventRounds "9"]
[EventType "swiss"]
[EventDate "2021.08.22"]

1. e4 {[%clk 01:30:58]} {[%emt 00:00:01]} e5 {[%clk 01:30:57]} {[%emt
00:00:04]} 2. Nf3 {[%clk 01:31:19]} {[%emt 00:00:09]} Nc6 {[%clk 01:31:24]}
{[%emt 00:00:04]} 3. Nc3 {[%clk 01:30:53]} {[%emt 00:00:56]} Nf6 {[%clk
01:30:09]} {[%emt 00:01:44]} 4. d4 {[%clk 01:29:35]} {[%emt 00:01:48]} exd4
{[%clk 01:23:49]} {[%emt 00:06:50]} 5. Nxd4 {[%clk 01:29:55]} {[%emt 00:00:10]}
Bb4 {[%clk 01:22:44]} {[%emt 00:01:35]} 6. Nxc6 {[%clk 01:28:32]} {[%emt
00:01:53]} bxc6 {[%clk 01:22:01]} {[%emt 00:01:13]} 7. Bd3 {[%clk 01:27:35]}
{[%emt 00:01:26]} O-O {[%clk 01:19:33]} {[%emt 00:02:59]} 8. O-O {[%clk
01:26:35]} {[%emt 00:01:30]} h6 {[%clk 01:16:14]} {[%emt 00:03:49]} 9. a3
{[%clk 01:21:26]} {[%emt 00:05:40]} Be7 {[%clk 01:09:43]} {[%emt 00:07:00]} 10.
b4 {[%clk 01:13:51]} {[%emt 00:08:06]} d5 {[%clk 01:06:47]} {[%emt 00:03:26]}
11. Bb2 {[%clk 00:58:21]} {[%emt 00:16:00]} Rb8 {[%clk 00:58:20]} {[%emt
00:08:57]} 12. e5 {[%clk 00:49:25]} {[%emt 00:09:26]} Nd7 {[%clk 00:57:20]}
{[%emt 00:01:29]} 13. f4 {[%clk 00:47:13]} {[%emt 00:02:43]} d4 {[%clk
00:52:03]} {[%emt 00:05:47]} 14. Na4 {[%clk 00:44:48]} {[%emt 00:02:55]} c5
{[%clk 00:50:15]} {[%emt 00:02:17]} 15. bxc5 {[%clk 00:44:28]} {[%emt
00:00:51]} Nxc5 {[%clk 00:50:02]} {[%emt 00:00:43]} 16. Nxc5 {[%clk 00:44:21]}
{[%emt 00:00:37]} Bxc5 {[%clk 00:49:46]} {[%emt 00:00:47]} 17. Rb1 {[%clk
00:41:23]} {[%emt 00:03:29]} Be6 {[%clk 00:45:02]} {[%emt 00:05:07]} 18. f5
{[%clk 00:37:22]} {[%emt 00:04:36]} Ba2 {[%clk 00:42:19]} {[%emt 00:03:12]} 19.
Ra1 {[%clk 00:33:49]} {[%emt 00:04:04]} Rxb2 {[%clk 00:39:40]} {[%emt
00:03:09]} 20. f6 {[%clk 00:32:50]} {[%emt 00:01:29]} Be6 {[%clk 00:30:43]}
{[%emt 00:09:27]} 21. Qf3 {[%clk 00:30:55]} {[%emt 00:02:25]} Re8 {[%clk
00:23:52]} {[%emt 00:07:21]} 22. Qg3 {[%clk 00:30:22]} {[%emt 00:01:03]} Bf8
{[%clk 00:23:51]} {[%emt 00:00:32]} 23. Qf4 {[%clk 00:21:46]} {[%emt 00:09:05]}
c5 {[%clk 00:17:19]} {[%emt 00:07:03]} 24. g4 {[%clk 00:18:44]} {[%emt
00:03:31]} c4 {[%clk 00:14:06]} {[%emt 00:03:42]} 25. Be4 {[%clk 00:18:53]}
{[%emt 00:00:21]} gxf6 {[%clk 00:12:14]} {[%emt 00:02:24]} 26. exf6 {[%clk
00:18:48]} {[%emt 00:00:35]} Qd6 {[%clk 00:12:04]} {[%emt 00:00:39]} 27. Qf3
{[%clk 00:17:19]} {[%emt 00:01:58]} Qe5 {[%clk 00:11:02]} {[%emt 00:01:27]} 28.
h4 {[%clk 00:14:44]} {[%emt 00:03:10]} Bd6 {[%clk 00:07:46]} {[%emt 00:03:42]}
29. Qg2 {[%clk 00:11:21]} {[%emt 00:03:58]} Qg3 {[%clk 00:07:41]} {[%emt
00:00:35]} 30. g5 {[%clk 00:10:08]} {[%emt 00:01:42]} Qxg2+ {[%clk 00:07:38]}
{[%emt 00:00:33]} 31. Kxg2 {[%clk 00:10:28]} {[%emt 00:00:11]} hxg5 {[%clk
00:07:35]} {[%emt 00:00:34]} 32. hxg5 {[%clk 00:10:44]} {[%emt 00:00:13]} Bh3+
33. Kxh3 {[%clk 00:11:07]} Rxe4 {[%clk 00:07:59]} {[%emt 00:00:06]} 34. c3
{[%clk 00:07:39]} {[%emt 00:03:58]} Re3+ {[%clk 00:07:37]} {[%emt 00:00:51]}
35. Kg4 {[%clk 00:07:55]} {[%emt 00:00:15]} Rg2+ {[%clk 00:06:46]} {[%emt
00:01:20]} 36. Kf5 {[%clk 00:08:05]} {[%emt 00:00:21]} Re5+ {[%clk 00:06:37]}
{[%emt 00:00:39]} 37. Kf4 {[%clk 00:08:18]} {[%emt 00:00:17]} Rexg5+ {[%clk
00:06:55]} {[%emt 00:00:11]} 38. Ke4 {[%clk 00:07:46]} {[%emt 00:01:02]} R2g4+
{[%clk 00:06:21]} {[%emt 00:01:04]} 39. Kf3 {[%clk 00:07:55]} {[%emt 00:00:21]}
Rf4+ {[%clk 00:06:31]} {[%emt 00:00:18]} 40. Ke2 {[%clk 00:08:19]} {[%emt
00:00:07]} Rg2+ {[%clk 00:06:09]} {[%emt 00:00:53]} 41. Ke1 {[%clk 00:08:28]}
{[%emt 00:00:22]} Re4+ {[%clk 00:05:44]} {[%emt 00:00:55]} 42. Kd1 {[%clk
00:08:45]} {[%emt 00:00:12]} d3 {[%clk 00:05:31]} {[%emt 00:00:43]} 43. Re1
{[%clk 00:08:47]} {[%emt 00:00:27]} Rxe1+ {[%clk 00:05:44]} {[%emt 00:00:17]}
44. Kxe1 {[%clk 00:08:56]} {[%emt 00:00:21]} Rg1+ {[%clk 00:06:06]} {[%emt
00:00:08]} 45. Kd2 {[%clk 00:09:17]} {[%emt 00:00:10]} Rxa1 {[%clk 00:06:29]}
{[%emt 00:00:07]} 46. Ke3 {[%clk 00:09:26]} {[%emt 00:00:20]} Ra2 {[%clk
00:06:30]} {[%emt 00:00:28]} 47. Kd4 {[%clk 00:09:42]} {[%emt 00:00:14]} d2
{[%clk 00:06:50]} {[%emt 00:00:12]} 48. Kxc4 {[%clk 00:10:06]} {[%emt
00:00:06]} d1=Q {[%clk 00:07:01]} {[%emt 00:00:19]} 49. Kb5 {[%clk 00:10:07]}
Qd5+ {[%clk 00:07:23]} {[%emt 00:00:36]} 50. Ka6 {[%clk 00:09:58]} {[%emt
00:00:40]} Rxa3# {[%clk 00:07:31]} {[%emt 00:00:22]} 0-1

[Event "DEM U14w 2021"]
[Site "Willingen GER"]
[Date "2021.08.23"]
[Round "1"]
[White "Sereda, Yaroslava"]
[Black "Luzgina, Anastasija"]
[Result "1-0"]
[Termination "normal"]
[Board "4"]
[WhiteElo "1750"]
[BlackElo "1548"]
[WhiteClock "00:26:02"]
[BlackClock "00:59:47"]
[PlyCount "103"]
[WhiteFideId "14178940"]
[BlackFideId "24280860"]
[EventCountry "GER"]
[EventRounds "9"]
[EventType "swiss"]
[EventDate "2021.08.22"]

1. e4 {[%clk 01:30:57]} {[%emt 00:00:03]} c5 {[%clk 01:30:56]} {[%emt
00:00:04]} 2. Nf3 {[%clk 01:31:20]} {[%emt 00:00:07]} Nc6 {[%clk 01:31:18]}
{[%emt 00:00:08]} 3. d4 {[%clk 01:31:44]} {[%emt 00:00:06]} cxd4 {[%clk
01:31:37]} {[%emt 00:00:11]} 4. Nxd4 {[%clk 01:32:07]} {[%emt 00:00:06]} e5
{[%clk 01:31:49]} {[%emt 00:00:19]} 5. Nb5 {[%clk 01:32:28]} {[%emt 00:00:08]}
d6 {[%clk 01:32:09]} {[%emt 00:00:10]} 6. N1c3 {[%clk 01:32:42]} {[%emt
00:00:17]} a6 {[%clk 01:32:16]} {[%emt 00:00:23]} 7. Na3 {[%clk 01:33:03]}
{[%emt 00:00:08]} b5 {[%clk 01:32:40]} {[%emt 00:00:06]} 8. Nd5 {[%clk
01:33:08]} {[%emt 00:00:26]} Nf6 {[%clk 01:32:15]} {[%emt 00:00:54]} 9. Bg5
{[%clk 01:33:22]} {[%emt 00:00:17]} Qa5+ {[%clk 01:32:35]} {[%emt 00:00:11]}
10. Bd2 {[%clk 01:11:01]} {[%emt 00:22:50]} Qd8 {[%clk 01:32:42]} {[%emt
00:00:23]} 11. c4 {[%clk 00:56:56]} {[%emt 00:14:34]} Nxe4 {[%clk 01:20:09]}
{[%emt 00:13:02]} 12. cxb5 {[%clk 00:54:48]} {[%emt 00:02:39]} Ne7 {[%clk
01:00:03]} {[%emt 00:20:35]} 13. bxa6 {[%clk 00:38:27]} {[%emt 00:16:52]} Nxd5
{[%clk 00:53:44]} {[%emt 00:06:47]} 14. Qa4+ {[%clk 00:38:07]} {[%emt
00:00:51]} Bd7 {[%clk 00:53:44]} {[%emt 00:00:30]} 15. Qxe4 {[%clk 00:38:23]}
{[%emt 00:00:16]} Nf6 {[%clk 00:46:01]} {[%emt 00:08:12]} 16. Qd3 {[%clk
00:29:47]} {[%emt 00:09:06]} Qb6 {[%clk 00:44:48]} {[%emt 00:01:43]} 17. Bc3
{[%clk 00:21:19]} {[%emt 00:08:58]} Be7 {[%clk 00:42:41]} {[%emt 00:02:37]} 18.
Be2 {[%clk 00:21:14]} {[%emt 00:00:35]} O-O {[%clk 00:42:07]} {[%emt 00:01:03]}
19. O-O {[%clk 00:21:21]} {[%emt 00:00:23]} Bc8 {[%clk 00:41:57]} {[%emt
00:00:41]} 20. Nc4 {[%clk 00:17:27]} {[%emt 00:04:24]} Qxa6 {[%clk 00:41:39]}
{[%emt 00:00:48]} 21. Rfd1 {[%clk 00:17:07]} {[%emt 00:00:50]} Rd8 {[%clk
00:39:56]} {[%emt 00:02:12]} 22. Nxe5 {[%clk 00:11:54]} {[%emt 00:05:44]} Qxd3
{[%clk 00:39:32]} {[%emt 00:00:54]} 23. Nxd3 {[%clk 00:12:11]} {[%emt
00:00:13]} Be6 {[%clk 00:38:44]} {[%emt 00:01:17]} 24. Nb4 {[%clk 00:11:18]}
{[%emt 00:01:24]} Rdc8 {[%clk 00:36:47]} {[%emt 00:02:25]} 25. Bf3 {[%clk
00:10:40]} {[%emt 00:01:09]} Ra7 {[%clk 00:36:33]} {[%emt 00:00:44]} 26. Nc6
{[%clk 00:10:09]} {[%emt 00:01:02]} Rac7 {[%clk 00:36:28]} {[%emt 00:00:34]}
27. Nxe7+ {[%clk 00:10:19]} {[%emt 00:00:21]} Rxe7 {[%clk 00:36:50]} {[%emt
00:00:07]} 28. Rxd6 {[%clk 00:10:39]} {[%emt 00:00:10]} Nd7 {[%clk 00:36:19]}
{[%emt 00:01:01]} 29. Rad1 {[%clk 00:10:29]} {[%emt 00:00:40]} h6 {[%clk
00:36:02]} {[%emt 00:00:45]} 30. Bd5 {[%clk 00:07:30]} {[%emt 00:03:30]} Bxd5
{[%clk 00:35:47]} {[%emt 00:00:44]} 31. R6xd5 {[%clk 00:07:45]} {[%emt
00:00:17]} Nb6 {[%clk 00:35:40]} {[%emt 00:00:36]} 32. Rd8+ {[%clk 00:05:52]}
{[%emt 00:02:22]} Rxd8 {[%clk 00:35:57]} {[%emt 00:00:13]} 33. Rxd8+ {[%clk
00:06:20]} {[%emt 00:00:04]} Kh7 {[%clk 00:36:17]} {[%emt 00:00:09]} 34. Rd4
{[%clk 00:05:54]} {[%emt 00:00:55]} Ra7 {[%clk 00:36:25]} {[%emt 00:00:23]} 35.
Rg4 {[%clk 00:02:35]} {[%emt 00:03:46]} f6 {[%clk 00:36:37]} {[%emt 00:00:20]}
36. a3 {[%clk 00:02:33]} {[%emt 00:00:33]} Nd5 {[%clk 00:36:31]} {[%emt
00:00:35]} 37. Rc4 {[%clk 00:02:08]} {[%emt 00:00:55]} g5 {[%clk 00:35:59]}
{[%emt 00:01:02]} 38. g3 {[%clk 00:02:00]} {[%emt 00:00:38]} Rd7 {[%clk
00:36:15]} {[%emt 00:00:14]} 39. Rc6 {[%clk 00:01:50]} {[%emt 00:00:39]} Kg7
{[%clk 00:36:05]} {[%emt 00:00:39]} 40. Kg2 {[%clk 00:02:08]} {[%emt 00:00:13]}
Rb7 {[%clk 00:35:46]} {[%emt 00:00:51]} 41. Bd4 {[%clk 00:01:52]} {[%emt
00:00:45]} Rb3 {[%clk 00:34:30]} {[%emt 00:01:46]} 42. Rd6 {[%clk 00:01:29]}
{[%emt 00:00:54]} Rb5 {[%clk 00:34:31]} {[%emt 00:00:28]} 43. Kf3 {[%clk
00:01:34]} {[%emt 00:00:26]} Kf7 {[%clk 00:34:18]} {[%emt 00:00:42]} 44. Ke4
{[%clk 00:01:23]} {[%emt 00:00:39]} f5+ {[%clk 00:34:28]} {[%emt 00:00:23]} 45.
Kxf5 {[%clk 00:00:48]} {[%emt 00:01:04]} Nf6+ {[%clk 00:34:04]} {[%emt
00:00:53]} 46. Be5 {[%clk 00:01:07]} {[%emt 00:00:13]} Ne8 {[%clk 00:31:09]}
{[%emt 00:03:25]} 47. Rxh6 {[%clk 00:29:24]} {[%emt 00:02:13]} Ng7+ {[%clk
01:00:53]} {[%emt 00:00:45]} 48. Ke4 {[%clk 00:29:32]} {[%emt 00:00:22]} Ne8
{[%clk 01:00:42]} {[%emt 00:00:41]} 49. f4 {[%clk 00:26:33]} {[%emt 00:03:29]}
gxf4 {[%clk 00:59:45]} {[%emt 00:01:28]} 50. Kxf4 {[%clk 00:26:39]} {[%emt
00:00:23]} Ng7 {[%clk 00:59:58]} {[%emt 00:00:17]} 51. Rh7 {[%clk 00:26:32]}
{[%emt 00:00:38]} Ke6 {[%clk 00:59:47]} {[%emt 00:00:41]} 52. Rxg7 {[%clk
00:26:02]} {[%emt 00:01:00]} 1-0